The Fast Quiz - Statistics

General Stats
  • This quiz has been taken 22 times
  • The average score is 3 of 5
Answer Stats
Question Answer % Correct
What fast food chain serves over ones billion burritos a year? Taco Bell
87%
What does the "FF" on your remote control stand for? Fast Forward
73%
Broadband is up to 70 times faster than which early form of online access? Dial-Up
60%
What is the name of the diet plan that includes "a shake for breakfast, a shake for lunch, then a sensible diner"? Slim-Fast
33%
Which 2011 sequel to "The Fast and the Furious" made $86 million in its first weekend? Fast Five
7%
No matching quizzes found
Score Distribution
Percent of People with Each Score
Percentile by Number Answered
Your Score History
You have not taken this quiz